| 000 | 00732nam a22002777a 4500 | ||
|---|---|---|---|
| 005 | 20240627164351.0 | ||
| 008 | 160115b2002 cr ||||| |||| 00| 0 spa d | ||
| 020 | _a9968702625 | ||
| 041 | _aESP | ||
| 041 | _aING | ||
| 082 | _a581.76 C953p | ||
| 100 |
_aCrow, Garrett E. _91132 |
||
| 245 | _aPlantas acuáticas del Parque Nacional Palo Verde y el Valle del Río Tempisque | ||
| 260 | _aCosta Rica | ||
| 260 | _bINBIO | ||
| 260 | _c2002 | ||
| 300 | _a296 páginas | ||
| 505 | _aContiene fotografías a color | ||
| 650 | _aPLANTAS ACUÁTICAS | ||
| 650 | _aVALLE DEL RIO TEMPISQUE | ||
| 650 | _aPARQUE NACIONAL PALO VERDE | ||
| 650 | _aBIODIVERSIDAD | ||
| 650 | _aCONSERVACIÓN | ||
| 942 |
_cBK _2ddc |
||
| 999 |
_c7384 _d7384 |
||